Companies and other business structures in South Africa: commercial law (Record no. 79564)

MARC details
000 -LEADER
fixed length control field 00923nam a2200193 a 4500
008 - FIXED-LENGTH DATA ELEMENTS--GENERAL INFORMATION
fixed length control field 101108s2009 ||||||||||||||||| || u
020 ## - INTERNATIONAL STANDARD BOOK NUMBER
International Standard Book Number 9780195986419
050 ## - LIBRARY OF CONGRESS CALL NUMBER
Classification number KG 3772 Com
100 ## - MAIN ENTRY--PERSONAL NAME
Personal name Davis, Dennis
245 10 - TITLE STATEMENT
Title Companies and other business structures in South Africa: commercial law
Statement of responsibility, etc. [edited by] Dennis Davis...[and others]
260 ## - PUBLICATION, DISTRIBUTION, ETC.
Place of publication, distribution, etc. Oxford
Name of publisher, distributor, etc. Oxford University Press
Date of publication, distribution, etc. 2009
300 ## - PHYSICAL DESCRIPTION
Extent xix, 289p.: ill.
350 ## -
-- 0.00
650 ## - SUBJECT ADDED ENTRY--TOPICAL TERM
Topical term or geographic name entry element BUSINESS ENTERPRISES--LAW AND LEGISTLATION--SOUTH AFRICA
650 ## - SUBJECT ADDED ENTRY--TOPICAL TERM
Topical term or geographic name entry element LAW
650 ## - SUBJECT ADDED ENTRY--TOPICAL TERM
Topical term or geographic name entry element CORPORATION LAW--SOUTH AFRICA
995 ## -
-- ANNEX COLLECTION (Main Library)
-- 0.00
-- 742185
-- CBU-MAIN LIBRARY (Kitwe)
-- 1
-- 0.00
-- KG 3772 COM
-- 1
-- AVAILABLE
-- Dec 16, 2010
-- 742185
-- Annex Low-Usage Collection
995 ## -
-- MAIN LIBRARY OPEN ACCESS
-- 0.00
-- 741879
-- CBU-MAIN LIBRARY (Kitwe)
-- 1
-- 0.00
-- KG 3772 COM
-- 2
-- AVAILABLE
-- Dec 16, 2010
-- 741879
-- Main Library Open Access Collection
999 ## -
-- 79564
-- 79564
Holdings
Withdrawn status Lost status Source of classification or shelving scheme Damaged status Not for loan Permanent Location Current Location Shelving location Date acquired Total Checkouts Full call number Barcode Date last seen Copy number Price effective from Koha item type
          CBU-MAIN LIBRARY, KITWE. CBU-MAIN LIBRARY, KITWE.   06/29/2023   KG 3772 Com 742185 06/29/2023 1 06/29/2023 MONOGRAPH
          CBU-MAIN LIBRARY, KITWE. CBU-MAIN LIBRARY, KITWE.   06/29/2023   KG 3772 Com 741879 06/29/2023 2 06/29/2023 MONOGRAPH